<?xml version="1.0" encoding="UTF-8"?>
<collection xmlns="http://www.loc.gov/MARC21/slim">
 <record>
  <leader>05037ntm a22005417a 4500</leader>
  <controlfield tag="001">000196054</controlfield>
  <controlfield tag="003">CZ-PrVSE</controlfield>
  <controlfield tag="005">20110620175452.0</controlfield>
  <controlfield tag="006">m        d</controlfield>
  <controlfield tag="007">cr n||||||||||</controlfield>
  <controlfield tag="008">110620s2007    xr     fsbm   000 0 cze d</controlfield>
  <datafield tag="STA" ind1=" " ind2=" ">
   <subfield code="a">NEZPRACOVANÝ IMPORT</subfield>
  </datafield>
  <datafield tag="040" ind1=" " ind2=" ">
   <subfield code="a">ABA006</subfield>
   <subfield code="b">cze</subfield>
   <subfield code="c">ABA006</subfield>
   <subfield code="d">ABA006</subfield>
  </datafield>
  <datafield tag="100" ind1="1" ind2=" ">
   <subfield code="a">Popelka, Jan,</subfield>
   <subfield code="d">1977-</subfield>
   <subfield code="7">mzk2009529104</subfield>
   <subfield code="4">dis</subfield>
  </datafield>
  <datafield tag="245" ind1="1" ind2="0">
   <subfield code="a">Využití lineárních a nelineárních modelů volatility při analýze českých podílových fondů a akcií</subfield>
   <subfield code="h">[elektronický zdroj] /</subfield>
   <subfield code="c">Jan Popelka</subfield>
  </datafield>
  <datafield tag="260" ind1=" " ind2=" ">
   <subfield code="c">2007</subfield>
  </datafield>
  <datafield tag="300" ind1=" " ind2=" ">
   <subfield code="a">?? s. :</subfield>
   <subfield code="3">digital, PDF soubor</subfield>
  </datafield>
  <datafield tag="500" ind1=" " ind2=" ">
   <subfield code="a">Vedoucí práce: Jiří Trešl</subfield>
  </datafield>
  <datafield tag="504" ind1=" " ind2=" ">
   <subfield code="a">Obsahuje bibliografii</subfield>
  </datafield>
  <datafield tag="516" ind1=" " ind2=" ">
   <subfield code="a">Textový (vysokoškolská kvalifikační práce)</subfield>
  </datafield>
  <datafield tag="520" ind1="3" ind2=" ">
   <subfield code="a">Cílem této doktorské práce je analýza chování vybraných českých otevřených podílových fondů a akcií. Podílové fondy si od druhé poloviny 90. let získávají v České republice stále větší oblibu. Do konce roku 2006 dosáhl objem investic do podílových fondů 150 miliard korun. Empirická studie se věnuje třem typům podílových fondů: akciovým, dluhopisovým a peněžním a akcie. Denní hodnoty cen byly získány z internetových stránek správců fondů a RM-systému. Sledované období začíná 1.1.2001 a končí 31.12.2005. Akcie a podílové listy mají odlišné principy formování ceny. Zatímco ceny akcií se vytváří interakcí nabídky a poptávky na akciovém trhu, u podílových listů je cena odvozena z celkové hodnoty aktiv fondu. Vliv trhu není u podílových fondů významný, protože nabídka podílo-vých listů je téměř neomezená. Navíc jsou aktiva podílového fondu tvořena řadou rozdílných investičních nástrojů jako jsou české a zahraniční akcie, dluhopisy, pokladniční poukázky, instrumenty peněžních trhů atd. Zjištění, zda časové řady fondů mají i za těchto předpokladů stejné vlastnosti jako řady akcií a zda je pro jejich modelování vhodné použít modely vytvo-řené pro akcie, burzovní indexy nebo směnné kurzy, je hlavním tématem této práce. Pozornost je věnována nepodmíněnému rozdělení výnosů logaritmů cen podílových listů. Metodou maximální věrohodnosti jsou odhadnuty parametry teoretických rozdělení a poté je testována jejich shoda s rozdělením výnosů. Další rozdělení zmiňovaná v souvislosti s nepodmíněným rozdělením finančních časových řad jsou zmíněna v teoretické části. K mo-delování podmíněné střední hodnoty je využito modelů typu AR, k modelování podmíněného rozptylu pak lineárních modelů ARCH, GARCH a GARCH-M a nelineárních modelů typu GRJ-GARCH a EGARCH. Další modely volatilit</subfield>
  </datafield>
  <datafield tag="520" ind1="8" ind2=" ">
   <subfield code="a">Lineární model GARCH-M popisuje přímé působení podmíněného rozptylu časové řady na její podmíněnou střední hodnotu. Vzhledem k prokázané nenormalitě rozdělení reziduí, ne-jsou splněny počáteční podmínky modelů časových řad. Vhodnější modely lze získat změnou předpokladu o rozdělení nesystematické složky na GED nebo Studentovo t rozdělení. Na zá-kladě porovnání prostřednictvím informačních kritérií a u příbuzných modelů testem věrohodnostním poměrem je pro každou časovou řadu nalezen nejvhodnější model, který slouží k popisu jejích vlastností a v praxi může být využit i k předpovědi dalšího vývoje, v analýze Value at Risk nebo k popisu vývoje rizikovosti fondu. V závěru jsou popsány zjiš-těné společné a rozdílné vlastnosti podílových fondů a akcií a doporučení pro modelování těchto časových řad.</subfield>
  </datafield>
  <datafield tag="538" ind1=" " ind2=" ">
   <subfield code="a">Způsob přístupu: Internet</subfield>
  </datafield>
  <datafield tag="502" ind1=" " ind2=" ">
   <subfield code="a">Disertační práce (Ph.D.)—Vysoká škola ekonomická v Praze. Fakulta informatiky a statistiky, 2007</subfield>
  </datafield>
  <datafield tag="518" ind1=" " ind2=" ">
   <subfield code="a">Rok obhajoby 2007</subfield>
  </datafield>
  <datafield tag="690" ind1=" " ind2=" ">
   <subfield code="a">rozdělení nesystematické složky</subfield>
  </datafield>
  <datafield tag="690" ind1=" " ind2=" ">
   <subfield code="a">nepodmíněné rozdělení výnosů</subfield>
  </datafield>
  <datafield tag="690" ind1=" " ind2=" ">
   <subfield code="a">nelineární modely volatility</subfield>
  </datafield>
  <datafield tag="690" ind1=" " ind2=" ">
   <subfield code="a">lineární modely volatility</subfield>
  </datafield>
  <datafield tag="690" ind1=" " ind2=" ">
   <subfield code="a">otevřené podílové fondy</subfield>
  </datafield>
  <datafield tag="690" ind1=" " ind2=" ">
   <subfield code="a">časové řady</subfield>
  </datafield>
  <datafield tag="653" ind1="0" ind2=" ">
   <subfield code="a">statistika [obor disert. práce]</subfield>
  </datafield>
  <datafield tag="655" ind1=" " ind2="7">
   <subfield code="a">disertace</subfield>
   <subfield code="7">fd132024</subfield>
   <subfield code="2">czenas</subfield>
  </datafield>
  <datafield tag="655" ind1=" " ind2="9">
   <subfield code="a">dissertations</subfield>
   <subfield code="2">eczenas</subfield>
  </datafield>
  <datafield tag="700" ind1="1" ind2=" ">
   <subfield code="a">Trešl, Jiří,</subfield>
   <subfield code="d">1947-2011</subfield>
   <subfield code="7">xx0009468</subfield>
   <subfield code="4">ths</subfield>
  </datafield>
  <datafield tag="700" ind1="1" ind2=" ">
   <subfield code="a">Cipra, Tomáš,</subfield>
   <subfield code="d">1952-</subfield>
   <subfield code="7">xx0011487</subfield>
   <subfield code="4">opn</subfield>
  </datafield>
  <datafield tag="710" ind1="2" ind2=" ">
   <subfield code="a">Vysoká škola ekonomická v Praze.</subfield>
   <subfield code="b">Fakulta informatiky a statistiky</subfield>
   <subfield code="7">kn20010709399</subfield>
  </datafield>
  <datafield tag="856" ind1="4" ind2="0">
   <subfield code="u">https://isis.vse.cz/zp/5610/podrobnosti</subfield>
   <subfield code="y">VŠKP v InSIS</subfield>
  </datafield>
  <datafield tag="856" ind1="4" ind2="0">
   <subfield code="u">https://isis.vse.cz/zp/5610</subfield>
   <subfield code="y">Hlavní práce</subfield>
  </datafield>
  <datafield tag="856" ind1="4" ind2="0">
   <subfield code="u">https://isis.vse.cz/zp/5610/posudek/oponent/2936</subfield>
   <subfield code="y">Oponentura</subfield>
  </datafield>
  <datafield tag="856" ind1="4" ind2="0">
   <subfield code="u">https://isis.vse.cz/zp/5610/posudek/oponent/2937</subfield>
   <subfield code="y">Oponentura</subfield>
  </datafield>
  <datafield tag="999" ind1="4" ind2="0">
   <subfield code="u">http://isis.vse.cz/zp/85431/podrobnosti</subfield>
   <subfield code="y">dc:identifier</subfield>
  </datafield>
  <datafield tag="993" ind1=" " ind2=" ">
   <subfield code="x">NEPOSILAT</subfield>
   <subfield code="y">VSKP</subfield>
  </datafield>
  <datafield tag="999" ind1="4" ind2="5">
   <subfield code="x">85431</subfield>
  </datafield>
  <datafield tag="999" ind1="4" ind2="9">
   <subfield code="a">vse5610</subfield>
   <subfield code="b">110524</subfield>
  </datafield>
  <datafield tag="999" ind1="4" ind2="4">
   <subfield code="a">md5</subfield>
   <subfield code="x">85431</subfield>
   <subfield code="u">660877859164fd9a78716d8ddd54c0ac</subfield>
  </datafield>
 </record>
</collection>
